Nano biophotonics : (Record no. 19544)
[ view plain ]
| 000 -LEADER | |
|---|---|
| fixed length control field | 01267cam a22003135a 4500 |
| 001 - CONTROL NUMBER | |
| control field | 14683439 |
| 005 - DATE AND TIME OF LATEST TRANSACTION | |
| control field | 20150811151042.0 |
| 008 - FIXED-LENGTH DATA ELEMENTS--GENERAL INFORMATION | |
| fixed length control field | 061229s2007 ne a frb 101 0 eng d |
| 020 ## - INTERNATIONAL STANDARD BOOK NUMBER | |
| International Standard Book Number | 9780444528780 |
| 020 ## - INTERNATIONAL STANDARD BOOK NUMBER | |
| International Standard Book Number | 0444528784 |
| 040 ## - CATALOGING SOURCE | |
| Original cataloging agency | DLC |
| Language of cataloging | eng |
| Transcribing agency | DLC |
| Modifying agency | EG-ScBUE |
| 050 00 - LIBRARY OF CONGRESS CALL NUMBER | |
| Classification number | QC176.8.N35 |
| Item number | I5856 2006 |
| 082 04 - DEWEY DECIMAL CLASSIFICATION NUMBER | |
| Classification number | 621.36 |
| Edition number | 22 |
| Item number | NAN |
| 111 2# - MAIN ENTRY--MEETING NAME | |
| Meeting name or jurisdiction name as entry element | International Nanophotonics Symposium |
| Number of part/section/meeting | (3rd : |
| Date of meeting | 2006 : |
| Location of meeting | Handai) |
| 245 10 - TITLE STATEMENT | |
| Title | Nano biophotonics : |
| Remainder of title | science and technology : proceedings of the 3rd International Nanophotonics Symposium Handai July 6-8th 2006, Suita Campus of Osaka University, Osaka, Japan / |
| Statement of responsibility, etc | edited by Hiroshi Masuhara, Satoshi Kawata, and Fumio Tokunaga. |
| 250 ## - EDITION STATEMENT | |
| Edition statement | 1st ed. |
| 260 ## - PUBLICATION, DISTRIBUTION, ETC. (IMPRINT) | |
| Place of publication, distribution, etc | Amsterdam ; |
| -- | Oxford : |
| Name of publisher, distributor, etc | Elsevier, |
| Date of publication, distribution, etc | 2007. |
| 300 ## - PHYSICAL DESCRIPTION | |
| Extent | xvi, 428 p. : |
| Other physical details | ill. ; |
| Dimensions | 25 cm. |
| 490 0# - SERIES STATEMENT | |
| Series statement | Handai nanophotonics, |
| International Standard Serial Number | 1574-0641 ; |
| Volume number/sequential designation | v. 3 |
| 500 ## - GENERAL NOTE | |
| General note | Index : p. 427-428. |
| 504 ## - BIBLIOGRAPHY, ETC. NOTE | |
| Bibliography, etc | Includes bibliographical references. |
| 650 #0 - SUBJECT ADDED ENTRY--TOPICAL TERM | |
| Topical term or geographic name as entry element | Nanophotonics |
| Form subdivision | Congresses. |
| Source of heading or term | BUEsh |
| 650 #0 - SUBJECT ADDED ENTRY--TOPICAL TERM | |
| Topical term or geographic name as entry element | Ultrastructure (Biology) |
| Form subdivision | Congresses. |
| Source of heading or term | BUEsh |
| 653 ## - INDEX TERM--UNCONTROLLED | |
| Resource For college | Engineering, General |
| Arrived date list | June2015 |
| -- | August2015 |
| 700 1# - ADDED ENTRY--PERSONAL NAME | |
| Personal name | Masuhara, Hiroshi, |
| Dates associated with a name | 1944-, |
| Relator term | editor. |
| 700 1# - ADDED ENTRY--PERSONAL NAME | |
| Personal name | Kawata, Satoshi, |
| Dates associated with a name | 1966-, |
| 9 (RLIN) | 33145 |
| Relator term | editor. |
| 700 1# - ADDED ENTRY--PERSONAL NAME | |
| Personal name | Tokunaga, Fumio, |
| Relator term | editor. |
| 942 ## - ADDED ENTRY ELEMENTS (KOHA) | |
| Source of classification or shelving scheme | Dewey Decimal Classification |
| Withdrawn status | Lost status | Source of classification or shelving scheme | Damaged status | Not for loan | Koha collection | Home library | Current library | Shelving location | Date acquired | Source of acquisition | Total Checkouts | Full call number | Barcode | Date last seen | Koha item type |
|---|---|---|---|---|---|---|---|---|---|---|---|---|---|---|---|
| Dewey Decimal Classification | Baccah | Central Library | Central Library | First floor | 10/06/2015 | 621.36 NAN | 000038396 | 15/07/2025 | Book - Borrowing |